00887nam a22002417a 4500008004100000020001500041040001800056041000800074060003100082100003300113245026600146250001100412260003700423300003200460490002900492650001300521650002300534650001700557650001100574650001500585650001100600700003400611130821s1997 sp a gr spa  a848733038X aCo-BoUCMbspa00aspa aQT 261bG635f 2a.ed.21997 aGonzlez Badillo, Juan José00aFundamentos del entrenamiento de la fuerza. Aplicaión al alto rendimiento deportivobtexto básico del m ster universitario en alto rendimiento deportivo del comité olímpico español y de la universidad autónoma de MadridcJuan José Gonz lez Badillo a2a.ed. aBarcelona (España)bIndec1997 a321páginasbilustraciones a[Iniciativas deportivas]04aDeportes04aEjercicio físico04aFisioterapia04aFuerza04aMúsculos04aTitulo aGorostiaga Ayestar n, Esteban